000 00279nam a2200109Ia 4500
008 220204s9999 xx 000 0 und d
082 _a8(082.2)
_bHYM
245 0 _aDictionary of famous quotations
260 _aLondon
_bBell and Hyman
_c1962
700 _aHyman, Robin
942 _cBK
999 _c33234
_d33234